[Event "FIDE Online Olympiad"]
[Site "Chess.com"]
[Date "2020.07.31"]
[EventDate "2020.07.31"]
[Round "3"]
[Result "1-0"]
[White "Michelle Ferrufino"]
[Black "Shiela Cancino"]
[WhiteElo "1855"]
[BlackElo "1420"]
[PlyCount "141"]

1. e4 e5 2. d4 d6 3. Nf3 Bg4 4. dxe5 Bxf3 5. Qxf3 dxe5 6. Bc4
Nf6 7. O-O Bc5 8. Nc3 c6 9. Bg5 Nbd7 10. Rad1 h6 11. Bh4 g5
12. Bg3 Qe7 13. Na4 Bd6 14. Bb3 b5 15. Nc3 Nc5 16. Rd2 b4
17. Na4 Nxb3 18. axb3 O-O 19. Rfd1 Rfd8 20. h4 Nh7 21. Qh5 Qf6
22. Rd3 Be7 23. c3 Rxd3 24. Rxd3 bxc3 25. bxc3 Rd8 26. Rf3 Qg6
27. Qxg6+ fxg6 28. Bxe5 gxh4 29. Bd4 Ng5 30. Re3 Kf7 31. Kf1
Ne6 32. Bxa7 Rd1+ 33. Re1 Rxe1+ 34. Kxe1 g5 35. Be3 Bd6
36. Nb2 Bf4 37. Nc4 Bxe3 38. Nxe3 Nc5 39. b4 Nxe4 40. Nd1 Ke6
41. Ke2 Kd5 42. Kd3 g4 43. Ne3+ Ke5 44. Nxg4+ Kf4 45. f3 Ng5
46. c4 h5 47. Ne3 Nxf3 48. gxf3 Kxf3 49. b5 cxb5 50. cxb5 h3
51. Nf1 Kg2 52. b6 h2 53. Nxh2 Kxh2 54. b7 h4 55. b8=Q+ Kh3
56. Qc8+ Kg2 57. Qg4+ Kf2 58. Qxh4+ Kf3 59. Qh3+ Kf4 60. Qe3+
Kf5 61. Qe4+ Kf6 62. Kd4 Kg5 63. Kd5 Kf6 64. Qe5+ Kf7 65. Qf5+
Kg7 66. Ke5 Kh6 67. Ke6 Kg7 68. Qf6+ Kg8 69. Qe7 Kh8 70. Kf6
Kg8 71. Qg7# 1-0

[Event "FIDE Online Olympiad"]
[Site "Chess.com"]
[Date "2020.07.31"]
[EventDate "2020.07.31"]
[Round "3"]
[Result "1-0"]
[White "Octavio Croes"]
[Black "Alan-Safar Ramoutar"]
[WhiteElo "1801"]
[BlackElo "1611"]
[PlyCount "153"]

1. d4 Nf6 2. c4 e6 3. Nf3 d5 4. g3 Be7 5. Bg2 O-O 6. O-O dxc4
7. Ne5 Nd5 8. Nxc4 b5 9. Ne5 Bb7 10. Nc3 Nxc3 11. bxc3 Bxg2
12. Kxg2 Qd5+ 13. Kg1 c5 14. Qd3 c4 15. Qf3 Qxf3 16. Nxf3 Nd7
17. e4 Nb6 18. Rb1 a6 19. Bf4 Rfc8 20. Rfd1 Na4 21. Bd2 Rab8
22. Be1 a5 23. d5 exd5 24. Rxd5 b4 25. Rxa5 Nxc3 26. Bxc3 bxc3
27. Rc1 Bb4 28. Ra7 Ra8 29. Rb7 Rcb8 30. Rc7 Rc8 31. Rb7 Rcb8
32. Rc7 Rxa2 33. Rxc4 h6 34. Nd4 Ba5 35. Nc6 Rbb2 36. Nxa5
Rxf2 37. Nb3 Rg2+ 38. Kf1 Rxh2 39. Kg1 Rhg2+ 40. Kf1 Rxg3
41. R4xc3 Rgg2 42. Nd4 Rh2 43. Kg1 Rh4 44. Rg3 Kh7 45. Nf5 g5
46. Nxh4 gxh4 47. Rh3 Ra4 48. Rxh4 Kg6 49. Rc5 Ra1+ 50. Kf2
Ra2+ 51. Ke3 Ra3+ 52. Kf4 Ra1 53. Rg4+ Kf6 54. Rc6+ Ke7
55. Rxh6 Rf1+ 56. Ke5 f6+ 57. Rxf6 Rxf6 58. Rg7+ Rf7 59. Rxf7+
Kxf7 60. Kd6 Ke8 61. Ke6 Kf8 62. Kd7 Kf7 63. e5 Kg7 64. e6 Kg6
65. e7 Kf5 66. e8=Q Kf4 67. Qe6 Kf3 68. Qe5 Kg4 69. Ke6 Kf3
70. Kf5 Kf2 71. Qe4 Kg3 72. Kg5 Kh3 73. Qd3+ Kg2 74. Kg4 Kf2
75. Qd2+ Kf1 76. Kg3 Kg1 77. Qe1# 1-0

[Event "FIDE Online Olympiad"]
[Site "Chess.com"]
[Date "2020.07.31"]
[EventDate "2020.07.31"]
[Round "3"]
[Result "1-0"]
[White "Shemilah James"]
[Black "Aimara Ballestero"]
[WhiteElo "1494"]
[BlackElo "1224"]
[PlyCount "83"]

1. e4 c5 2. Nf3 g6 3. d4 cxd4 4. Nxd4 Bg7 5. Nc3 Nc6 6. Be3
Nf6 7. f3 O-O 8. Qd2 d6 9. O-O-O Re8 10. Kb1 a6 11. h4 Bd7
12. g4 Ne5 13. h5 b5 14. hxg6 fxg6 15. Qh2 b4 16. Nd5 Kf7
17. Nxf6 exf6 18. Bh6 Bh8 19. Bf4 Bg7 20. Bxe5 dxe5 21. Bc4+
Kf8 22. Ne6+ Bxe6 23. Rxd8 Raxd8 24. Bxe6 Rxe6 25. Qxh7 Kf7
26. Qh2 Red6 27. Qe2 Kf8 28. b3 Rd2 29. Qxa6 Rf2 30. Qa5 Rdd2
31. Qxb4+ Kg8 32. Qb8+ Kf7 33. Qc7+ Kg8 34. Rc1 Rxf3 35. a4
Re3 36. a5 Ree2 37. a6 Bf8 38. Qc8 Kg7 39. Qc7+ Kg8 40. a7 Bd6
41. a8=Q+ Bf8 42. Qcc8 1-0

[Event "FIDE Online Olympiad"]
[Site "Chess.com"]
[Date "2020.07.31"]
[EventDate "2020.07.31"]
[Round "3"]
[Result "1-0"]
[White "Isaiah McIntosh"]
[Black "Kyell-Jean Antonio"]
[WhiteElo "1902"]
[BlackElo "1432"]
[PlyCount "41"]

1. e4 e5 2. Nf3 Nc6 3. Bb5 a6 4. Ba4 b5 5. Bb3 Nf6 6. O-O Bb7
7. d3 Bc5 8. Nc3 d6 9. a3 O-O 10. Bg5 h6 11. Bh4 Nb8 12. Ne2
Bb6 13. Ng3 Nbd7 14. Nf5 Re8 15. Qd2 Qc8 16. Nxh6+ gxh6
17. Qxh6 Nh7 18. Bxf7+ Kh8 19. Ng5 Ndf8 20. Nxh7 Nxh7 21. Bf6#
1-0

[Event "FIDE Online Olympiad"]
[Site "Chess.com"]
[Date "2020.07.31"]
[EventDate "2020.07.31"]
[Round "3"]
[Result "1-0"]
[White "Thamara Sagastegui"]
[Black "Jennika Lynch"]
[WhiteElo "1212"]
[BlackElo "1399"]
[PlyCount "139"]

1. e4 e5 2. Nf3 Nc6 3. Nc3 Nf6 4. d3 h6 5. h3 Bc5 6. Be3 Bb6
7. Be2 O-O 8. O-O d6 9. d4 exd4 10. Nxd4 Bxd4 11. Bxd4 Nxd4
12. Qxd4 c5 13. Qd3 Re8 14. Bf3 Rb8 15. Rad1 Re6 16. Nd5 Nxd5
17. Qxd5 Rg6 18. Bh5 Rf6 19. Qd3 b5 20. e5 Bf5 21. Qd2 Re6
22. exd6 Rb6 23. d7 Re7 24. Bg4 Bxg4 25. hxg4 Rb7 26. Qc3 c4
27. Qb4 Rexd7 28. Rxd7 Qxd7 29. f3 Qd4+ 30. Kh1 Qf6 31. Qc5
Qxb2 32. Qc8+ Kh7 33. Qxb7 Qxa2 34. Qxb5 Qxc2 35. Qf5+ Qxf5
36. gxf5 g6 37. fxg6+ Kxg6 38. Rc1 Kf5 39. Rxc4 f6 40. Ra4 Ke5
41. Rxa7 Kf4 42. Rh7 Kg5 43. Rg7+ Kf5 44. Ra7 Kg6 45. Ra6 Kg5
46. Kh2 h5 47. Kg3 Kg6 48. Kh4 Kf5 49. Ra5+ Kg6 50. Rxh5 Kf7
51. Rf5 Ke6 52. g4 Kf7 53. Kh5 Ke6 54. Kg6 Kd6 55. Rxf6+ Ke5
56. Rf5+ Kd4 57. f4 Ke4 58. g5 Kf3 59. Kf6 Ke4 60. g6 Kf3
61. g7 Ke4 62. g8=Q Kf3 63. Qa8+ Ke3 64. Qa3+ Ke4 65. Qb4+ Ke3
66. Re5+ Kf3 67. Qe4+ Kf2 68. Qe3+ Kg2 69. Rg5+ Kf1 70. Rg1#
1-0

[Event "FIDE Online Olympiad"]
[Site "Chess.com"]
[Date "2020.07.31"]
[EventDate "2020.07.31"]
[Round "3"]
[Result "1-0"]
[White "Nahun Gavarrete"]
[Black "Waldyr Espirito Santo"]
[WhiteElo "2238"]
[BlackElo "1915"]
[PlyCount "101"]

1. c4 c5 2. Nc3 Nc6 3. Nf3 e5 4. g3 g6 5. Bg2 Bg7 6. O-O Nge7
7. d3 d6 8. Ne1 O-O 9. Nc2 Be6 10. Ne3 Qd7 11. Re1 Bh3 12. Bh1
f5 13. Ned5 Kh8 14. e3 Rae8 15. a3 Nxd5 16. Nxd5 Bg4 17. Qa4
Rf7 18. Rb1 Bh3 19. b4 cxb4 20. axb4 f4 21. exf4 exf4 22. Bxf4
Ref8 23. Be3 h5 24. Be4 Kh7 25. f4 h4 26. Qd1 Bg4 27. Bf3 Bxf3
28. Qxf3 Nd4 29. Qf2 hxg3 30. hxg3 Nf5 31. Bxa7 Rh8 32. Kg2
Kg8 33. Rh1 Nh6 34. Rbe1 Ng4 35. Qe2 Rxh1 36. Kxh1 Bf8 37. Qe6
Qxe6 38. Rxe6 Rh7+ 39. Kg2 Kf7 40. Re2 Kg8 41. Bg1 Kf7 42. Kf3
Nh6 43. g4 Ng8 44. Rh2 Rxh2 45. Bxh2 Bg7 46. f5 gxf5 47. gxf5
Be5 48. Bxe5 dxe5 49. Ke4 Nf6+ 50. Nxf6 Kxf6 51. c5 1-0

[Event "FIDE Online Olympiad"]
[Site "Chess.com"]
[Date "2020.08.01"]
[EventDate "2020.07.31"]
[Round "4"]
[Result "1-0"]
[White "Tun Nay Oo Kyaw"]
[Black "Mohamed Hassan"]
[WhiteElo "2406"]
[BlackElo "1842"]
[PlyCount "197"]

1. d4 Nf6 2. Bf4 d5 3. e3 c6 4. c3 g6 5. h3 Bg7 6. Nf3 O-O
7. Be2 Qb6 8. Qb3 Nbd7 9. Nbd2 Re8 10. O-O h6 11. Ne5 Nxe5
12. Bxe5 Kh7 13. c4 e6 14. Qc2 Qd8 15. b4 Nd7 16. Bxg7 Kxg7
17. Nf3 Qe7 18. a3 Nb6 19. Ne5 Nd7 20. f4 f5 21. Rab1 Nxe5
22. fxe5 Bd7 23. c5 a6 24. a4 Qg5 25. Qd2 Rf8 26. Kh2 Rf7
27. Rf3 Kh7 28. Rbf1 Raf8 29. Bd3 Qd8 30. Qc2 Qe7 31. Qe2 Kg7
32. Rg3 Kh7 33. b5 axb5 34. axb5 cxb5 35. Bxb5 Bc6 36. Rgf3
Qc7 37. Rb1 g5 38. Bxc6 bxc6 39. Rb6 Ra8 40. Rf1 Rg7 41. Rfb1
Ra7 42. Qh5 g4 43. hxg4 Rxg4 44. Rb8 Qg7 45. R1b2 Rf7 46. Rf2
Rg5 47. Qe2 Rg3 48. Rf4 Qg5 49. Rb2 Rg7 50. Kg1 h5 51. Kf1 h4
52. Ke1 h3 53. gxh3 Rxh3 54. Kd2 Qg3 55. Rf2 Rh4 56. Rf3 Qg4
57. Rf2 Qxe2+ 58. Kxe2 Rg3 59. Rb7+ Kg6 60. Re7 Rhh3 61. Rxe6+
Kg5 62. Rxc6 Rxe3+ 63. Kf1 Rd3 64. Rc8 f4 65. Rg8+ Kf5
66. Rf8+ Ke4 67. R8xf4+ Ke3 68. Kg2 Rh7 69. R2f3+ Ke2 70. Rxd3
Kxd3 71. Kg3 Ke3 72. Rg4 Rf7 73. Kh4 Kf3 74. Rg6 Ke4 75. Rg4+
Kf3 76. e6 Re7 77. Rg5 Ke4 78. Rg4+ Kf5 79. Kg3 Rxe6 80. Kf3
Re1 81. Rh4 Rf1+ 82. Ke3 Re1+ 83. Kd2 Rg1 84. Kc3 Rc1+ 85. Kd2
Rg1 86. Ke2 Rg3 87. Kd2 Ra3 88. Kc2 Rg3 89. Rh2 Ke4 90. Rd2
Rh3 91. Kb2 Rg3 92. Rd1 Rh3 93. c6 Rh6 94. Rc1 Rh8 95. Kc3 Kf5
96. Kb4 Ke6 97. Kc5 Ra8 98. Re1+ Kf7 99. Kxd5 1-0

[Event "FIDE Online Olympiad"]
[Site "Chess.com"]
[Date "2020.08.01"]
[EventDate "2020.07.31"]
[Round "4"]
[Result "1-0"]
[White "Thu Aung Moe"]
[Black "Mariyam Laisa Abdul Rasheed"]
[WhiteElo "1164"]
[BlackElo "1180"]
[PlyCount "101"]

1. e4 c5 2. Nf3 Nc6 3. c3 g6 4. d4 cxd4 5. cxd4 Bg7 6. Be3
Qa5+ 7. Qd2 Qxd2+ 8. Nbxd2 d6 9. Bb5 Bd7 10. O-O Nf6 11. Rac1
O-O 12. d5 Ne5 13. Bxd7 Nxf3+ 14. Nxf3 Nxd7 15. Rc7 Ne5
16. Nxe5 Bxe5 17. Rxb7 Bf6 18. Rc1 Rfb8 19. Rxb8+ Rxb8 20. b3
a5 21. g3 Kg7 22. Rc7 Rb4 23. Rc4 Rb7 24. Bd2 Rb5 25. Ra4 Rb8
26. Rxa5 e6 27. dxe6 fxe6 28. Ra7+ Kf8 29. Rxh7 Bg7 30. Bh6
Kg8 31. Rxg7+ Kh8 32. Rxg6 Kh7 33. Rxe6 Rd8 34. Bf4 d5
35. exd5 Rxd5 36. Kg2 Kg7 37. a4 Kf7 38. Rd6 Ra5 39. Bd2 Ra7
40. a5 Rb7 41. b4 Ke7 42. Rh6 Kd8 43. a6 Ra7 44. Be3 Re7
45. Bg5 Kd7 46. Bxe7 Kxe7 47. a7 Kf7 48. a8=Q Kg7 49. Qh8+ Kf7
50. Qf6+ Kg8 51. Rh8# 1-0

[Event "FIDE Online Olympiad"]
[Site "Chess.com"]
[Date "2020.08.01"]
[EventDate "2020.07.31"]
[Round "4"]
[Result "1-0"]
[White "Aliuddin Azahari"]
[Black "Yu Dong Michael Deng"]
[WhiteElo "2059"]
[BlackElo "1749"]
[PlyCount "127"]

1. e4 c5 2. Nf3 d6 3. Bb5+ Bd7 4. Bxd7+ Qxd7 5. O-O g6 6. c4
Bg7 7. Nc3 Nf6 8. d4 cxd4 9. Nxd4 Nc6 10. Nf3 O-O 11. Bg5 a6
12. Qe2 Rac8 13. Rad1 Qe6 14. b3 h6 15. Bxf6 Bxf6 16. Nd5 Bg7
17. Rfe1 a5 18. h3 Nb4 19. Nd4 Bxd4 20. Rxd4 Nxd5 21. Rxd5 Rc5
22. Qd2 Rfc8 23. Qxh6 Rxd5 24. cxd5 Qe5 25. Qd2 Qc3 26. Qxc3
Rxc3 27. Re2 Kg7 28. f3 Kf6 29. Kf2 b5 30. Ke1 Ke5 31. Kd2 b4
32. Re3 Rc8 33. g3 g5 34. Re1 Rh8 35. Rh1 f5 36. exf5 Kxf5
37. h4 gxh4 38. Rxh4 Rg8 39. Rh5+ Kf6 40. g4 Rc8 41. Rf5+ Kg6
42. Rf4 Rc5 43. Rd4 Kg5 44. Ke3 Rc2 45. Rd2 Rc1 46. Rg2 Re1+
47. Re2 Rc1 48. Kd4 Rd1+ 49. Kc4 Rc1+ 50. Kb5 Rc5+ 51. Kb6 Kf6
52. Rd2 Ke5 53. g5 Kf5 54. f4 Kxf4 55. g6 Rc8 56. Re2 Rg8
57. Re6 Kf5 58. Kxa5 Ra8+ 59. Kxb4 Rxa2 60. Kb5 Rd2 61. Kc6
Rb2 62. g7 Rg2 63. Rxe7 Rg6 64. b4 1-0

[Event "FIDE Online Olympiad"]
[Site "Chess.com"]
[Date "2020.08.01"]
[EventDate "2020.07.31"]
[Round "4"]
[Result "1-0"]
[White "Eunice Feng"]
[Black "Nur Zahira Zazali"]
[WhiteElo "1306"]
[BlackElo "1501"]
[PlyCount "61"]

1. e4 e5 2. Nf3 Nc6 3. Bc4 h6 4. d4 d6 5. dxe5 dxe5 6. Qxd8+
Kxd8 7. Bxf7 Nf6 8. Nc3 Bb4 9. Bd2 Bxc3 10. Bxc3 Rf8 11. Bd5
Bg4 12. Bxc6 Bxf3 13. gxf3 bxc6 14. Bxe5 Nh5 15. Ke2 Kc8
16. Rad1 Rb8 17. Ke3 Re8 18. Bc3 Kb7 19. Rhg1 Rg8 20. f4 Rbf8
21. f5 Nf6 22. Rg6 Kc8 23. Rdg1 Rf7 24. Bxf6 Rxf6 25. Rxf6 Rd8
26. Rxg7 c5 27. Rff7 Kb8 28. Rxc7 Rc8 29. Rb7+ Ka8 30. Rxa7+
Kb8 31. Rgb7# 1-0

[Event "FIDE Online Olympiad"]
[Site "Chess.com"]
[Date "2020.08.01"]
[EventDate "2020.07.31"]
[Round "4"]
[Result "1-0"]
[White "Yeh Yang Liu"]
[Black "Nurdin Hassuji"]
[WhiteElo "2004"]
[BlackElo "1763"]
[PlyCount "39"]

1. e4 c5 2. Nf3 d6 3. c3 d5 4. exd5 Qxd5 5. d4 Bg4 6. Be2 Nf6
7. h3 Bh5 8. c4 Qc6 9. d5 Qd6 10. Nc3 a6 11. O-O Nbd7 12. Re1
O-O-O 13. a3 Nb6 14. b3 e6 15. Ng5 Bg6 16. dxe6 Qe5 17. Bd2
Qd6 18. Be3 Qe5 19. Qc1 fxe6 20. Bf4 1-0

[Event "FIDE Online Olympiad"]
[Site "Chess.com"]
[Date "2020.08.01"]
[EventDate "2020.07.31"]
[Round "4"]
[Result "1-0"]
[White "Tupfah Khumnorkaew"]
[Black "Khalil Bukhalaf"]
[WhiteElo "1888"]
[BlackElo "1896"]
[PlyCount "111"]

1. d4 c6 2. Nf3 d5 3. c4 Nf6 4. Qc2 g6 5. Nbd2 Bg7 6. e4 dxe4
7. Nxe4 Nxe4 8. Qxe4 O-O 9. Be2 Bf5 10. Qh4 Nd7 11. O-O e5
12. Bg5 f6 13. Be3 Be6 14. Rfd1 exd4 15. Nxd4 Bf7 16. Rac1 Qe7
17. Nb3 Rfe8 18. Bf3 Ne5 19. Be2 Rad8 20. Bf1 b6 21. Nd4 c5
22. Nb5 a6 23. Na3 Rxd1 24. Rxd1 Rd8 25. Rc1 Rd7 26. b3 Qd8
27. Be2 Be6 28. h3 Bf5 29. Qg3 Bf8 30. Nc2 Bd6 31. Qh4 Be7
32. Qg3 Bd3 33. Bxd3 Nxd3 34. Rf1 Ne5 35. Qf4 Bf8 36. Qe4 Bg7
37. Ne1 Re7 38. Nf3 Nxf3+ 39. Qxf3 Rd7 40. Qc6 Rd6 41. Qe4 Kf7
42. Qb7+ Qd7 43. Qxa6 f5 44. Qa8 Bd4 45. Bf4 Re6 46. Qd5 Qe7
47. Re1 h6 48. Bxh6 Bf6 49. Bf4 g5 50. Bc7 Bd4 51. Bxb6 Kf6
52. Qxe6+ Qxe6 53. Rxe6+ Kxe6 54. a4 Kd6 55. a5 Kc6 56. Kf1
1-0

[Event "FIDE Online Olympiad"]
[Site "Chess.com"]
[Date "2020.08.01"]
[EventDate "2020.07.31"]
[Round "4"]
[Result "1-0"]
[White "Pornouma Promsirinimit"]
[Black "Rania Alsalti"]
[WhiteElo "1559"]
[BlackElo "1287"]
[PlyCount "61"]

1. e4 e5 2. Nf3 Nc6 3. Bc4 Nf6 4. d3 Bc5 5. c3 O-O 6. O-O d5
7. exd5 Nxd5 8. Re1 Nb6 9. Bg5 Qd7 10. Bb3 h6 11. Be3 Bxe3
12. Rxe3 Nd5 13. Re1 Nf4 14. d4 Qg4 15. g3 Nh3+ 16. Kf1 Bf5
17. Nh4 Qxd1 18. Rxd1 Bxb1 19. Raxb1 e4 20. Re1 Rfe8 21. Bd5
Kh7 22. Bxe4+ g6 23. f4 f5 24. Bxc6 bxc6 25. Kg2 g5 26. Kxh3
g4+ 27. Kg2 Rxe1 28. Rxe1 Rb8 29. b3 Rb5 30. Re5 a6 31. Nxf5
1-0

[Event "FIDE Online Olympiad"]
[Site "Chess.com"]
[Date "2020.08.01"]
[EventDate "2020.07.31"]
[Round "4"]
[Result "1-0"]
[White "Sarocha Chuemsakul"]
[Black "Halima Hammadi"]
[WhiteElo "1694"]
[BlackElo "1181"]
[PlyCount "71"]

1. c4 Nf6 2. Nc3 e6 3. d3 d5 4. cxd5 exd5 5. d4 Nc6 6. Bg5 h6
7. Bh4 Bb4 8. Rc1 O-O 9. e3 Qd7 10. Bxf6 gxf6 11. Bd3 Re8
12. Bb1 Qd6 13. Nge2 h5 14. O-O Bf5 15. Bxf5 Bxc3 16. Rxc3 Ne7
17. Ng3 h4 18. Qg4+ Kf8 19. Nh5 Nxf5 20. Qxf5 Re4 21. Nxf6 Qe6
22. Qxe6 Rxe6 23. Nxd5 c6 24. Nc7 Rae8 25. Nxe8 Kxe8 26. Rd1
b5 27. d5 cxd5 28. Rxd5 a6 29. Rc7 Kf8 30. Rdd7 Rf6 31. f3 a5
32. Kf2 b4 33. e4 a4 34. Rb7 Ke8 35. Rdc7 Ra6 36. Rc8# 1-0

[Event "FIDE Online Olympiad"]
[Site "Chess.com"]
[Date "2020.08.01"]
[EventDate "2020.07.31"]
[Round "4"]
[Result "1-0"]
[White "Bibek Thing"]
[Black "Joseph Muragu Methu"]
[WhiteElo "2081"]
[BlackElo "1972"]
[PlyCount "61"]

1. e4 Nf6 2. e5 Nd5 3. c4 Nb6 4. d4 d6 5. exd6 cxd6 6. Nc3 g6
7. Be3 Bg7 8. Rc1 O-O 9. Be2 Nc6 10. d5 Ne5 11. b3 h5 12. h3
Ned7 13. Bd4 Nf6 14. Nf3 e6 15. dxe6 Bxe6 16. O-O d5 17. Ng5
dxc4 18. Nxe6 fxe6 19. Bxb6 Qxd1 20. Rfxd1 axb6 21. Bxc4 Kf7
22. a4 Rfd8 23. Re1 Nd5 24. Ne4 Bf6 25. Bxd5 exd5 26. Rc7+ Be7
27. Ng5+ Kf6 28. Nh7+ Kg7 29. Rexe7+ Kh6 30. h4 g5 31. Re6#
1-0

[Event "FIDE Online Olympiad"]
[Site "Chess.com"]
[Date "2020.08.01"]
[EventDate "2020.07.31"]
[Round "4"]
[Result "1-0"]
[White "Sujana Lohani"]
[Black "Glenda Madelta"]
[WhiteElo "1476"]
[BlackElo "1427"]
[PlyCount "25"]

1. d4 Nf6 2. Nf3 d5 3. c4 c6 4. e3 e6 5. Nc3 Bd6 6. Bd3 Nbd7
7. O-O O-O 8. e4 dxe4 9. Nxe4 Nxe4 10. Bxe4 Nf6 11. Bc2 c5
12. Qd3 b6 13. Bg5 1-0

[Event "FIDE Online Olympiad"]
[Site "Chess.com"]
[Date "2020.08.01"]
[EventDate "2020.07.31"]
[Round "4"]
[Result "1-0"]
[White "Joyce Nyaruai Ndirangu"]
[Black "Sindira Joshi"]
[WhiteElo "1621"]
[BlackElo "1496"]
[PlyCount "79"]

1. d4 Nf6 2. Nf3 e6 3. Bf4 d5 4. e3 c5 5. c3 Nc6 6. Bd3 Be7
7. Nbd2 O-O 8. Ne5 Bd7 9. Qf3 cxd4 10. exd4 Rc8 11. Qh3 Re8
12. O-O Bf8 13. Ndf3 h6 14. g4 Ne4 15. g5 Nxe5 16. dxe5 a6
17. gxh6 g6 18. h7+ Kh8 19. Bxe4 dxe4 20. Ng5 Qe7 21. Nxe4 Bg7
22. Bg5 Qf8 23. f4 Bc6 24. Nd6 Be4 25. Nxe4 Rc4 26. Nd6 Rec8
27. Rad1 R4c6 28. Nxc8 Rxc8 29. Rd7 Qc5+ 30. Rf2 Qc6 31. Rxf7
Rc7 32. Rxc7 Qxc7 33. Rd2 Qc5+ 34. Kf1 Qc4+ 35. Ke1 Qe4+
36. Kf2 Qf5 37. Rd8+ Bf8 38. Bf6+ Qxf6 39. exf6 b5 40. Rxf8#
1-0

[Event "FIDE Online Olympiad"]
[Site "Chess.com"]
[Date "2020.08.01"]
[EventDate "2020.07.31"]
[Round "4"]
[Result "1-0"]
[White "Yubraj Paudel"]
[Black "Robert Mcligeyo"]
[WhiteElo "1621"]
[BlackElo "1408"]
[PlyCount "73"]

1. d4 Nf6 2. Nf3 c5 3. d5 d6 4. c4 g6 5. Nc3 Bg7 6. e4 e5
7. Be2 O-O 8. O-O Ne8 9. Bg5 Qb6 10. Be7 Qxb2 11. Qc1 Qb6
12. Bxf8 Bxf8 13. a4 a6 14. a5 Qc7 15. Qd2 Bg7 16. Na4 Nd7
17. Rfb1 f5 18. Ng5 Bh6 19. h4 fxe4 20. Qc2 Bxg5 21. hxg5 Qd8
22. Qd2 Ng7 23. g4 Rb8 24. Nc3 Nf8 25. Nxe4 Ne8 26. Rb6 Qc7
27. Kg2 Nd7 28. Rb3 Nf8 29. Rh1 Bd7 30. Rf3 Bxg4 31. Rxf8+
Kxf8 32. Bxg4 b5 33. axb6 Rxb6 34. Qe3 Rb4 35. Qf3+ Kg8
36. Be6+ Kh8 37. Qf8# 1-0

[Event "FIDE Online Olympiad"]
[Site "Chess.com"]
[Date "2020.08.01"]
[EventDate "2020.07.31"]
[Round "5"]
[Result "1-0"]
[White "Mehul Gohil"]
[Black "Shuaau Muhammed"]
[WhiteElo "2033"]
[BlackElo "1733"]
[PlyCount "111"]

1. d4 d5 2. c4 e6 3. Nc3 Nf6 4. cxd5 exd5 5. Bg5 c6 6. e3 Be7
7. Bd3 Nbd7 8. Nge2 h6 9. Bh4 Nh5 10. Bxe7 Qxe7 11. Qc2 Nb6
12. O-O-O Be6 13. Kb1 O-O-O 14. h3 Kb8 15. Rc1 Rc8 16. Na4
Nxa4 17. Qxa4 Nf6 18. Rc3 Ne4 19. Ra3 b5 20. Qc2 Nxf2 21. Rc1
Nxd3 22. Qxd3 Rc7 23. Rac3 g6 24. Ka1 Bf5 25. Qd1 Rhc8 26. a4
Qb4 27. Ra3 Ka8 28. Nc3 Qe7 29. Rb3 a6 30. a5 Be4 31. Nxe4
Qxe4 32. Qd2 c5 33. dxc5 Rxc5 34. Rd1 Qa4+ 35. Ra3 Qxd1+
36. Qxd1 Rc1+ 37. Qxc1 Rxc1+ 38. Ka2 Kb7 39. Rd3 Kc6 40. Kb3
f5 41. Rd4 Rc4 42. Rd2 Kd6 43. g3 Ke5 44. Ka3 g5 45. b3 Re4
46. Rc2 Rxe3 47. Rc6 d4 48. Rxa6 d3 49. Ra8 Re4 50. Kb2 b4
51. a6 Re2+ 52. Kc1 Rc2+ 53. Kd1 Ke4 54. Re8+ Kf3 55. a7 Rb2
56. a8=Q+ 1-0

[Event "FIDE Online Olympiad"]
[Site "Chess.com"]
[Date "2020.08.01"]
[EventDate "2020.07.31"]
[Round "5"]
[Result "1-0"]
[White "Glenda Madelta"]
[Black "Ahmed Nihaya"]
[WhiteElo "1427"]
[BlackElo "1126"]
[PlyCount "49"]

1. d4 Nf6 2. Nc3 g6 3. Bf4 Bg7 4. e4 d6 5. Qd2 h6 6. Nf3 Nbd7
7. Bd3 c5 8. e5 Nh5 9. e6 Ndf6 10. exf7+ Kxf7 11. dxc5 dxc5
12. O-O-O Be6 13. Ne5+ Kg8 14. Nxg6 Rh7 15. Qe2 Nxf4 16. Nxf4
Bf7 17. Bxh7+ Kxh7 18. Rxd8 Rxd8 19. Qxe7 Rf8 20. Rd1 Ng4
21. Rd7 Ne5 22. Rxb7 Re8 23. Qxe8 Bxe8 24. Ne6 Bf7 25. Nxc5
1-0

[Event "FIDE Online Olympiad"]
[Site "Chess.com"]
[Date "2020.08.01"]
[EventDate "2020.07.31"]
[Round "5"]
[Result "1-0"]
[White "Aguda Lwanga"]
[Black "Ahmed Yoosuf Waseem"]
[WhiteElo "1064"]
[BlackElo "1177"]
[PlyCount "59"]

1. e4 e6 2. d4 d5 3. Nd2 Bb4 4. c3 Be7 5. Bd3 Nf6 6. e5 Nfd7
7. Ne2 c5 8. Nf3 Nc6 9. O-O Qb6 10. Re1 O-O 11. Bc2 a6 12. Qd3
g6 13. Bh6 Re8 14. Rab1 cxd4 15. cxd4 Bb4 16. Red1 Bf8 17. Qe3
Nb4 18. Bb3 a5 19. Bxf8 Nxf8 20. a3 Nc6 21. Qh6 Qxb3 22. Ng5
Qb5 23. Nc3 Qb6 24. Ne2 Ne7 25. g4 Nc6 26. Rd3 Qb5 27. Rf3
Qxe2 28. Rxf7 Qxg4+ 29. Kf1 Re7 30. Qg7# 1-0

[Event "FIDE Online Olympiad"]
[Site "Chess.com"]
[Date "2020.08.01"]
[EventDate "2020.07.31"]
[Round "5"]
[Result "1-0"]
[White "Thanadon Kulpruethanon"]
[Black "Purushottam Chaulagain"]
[WhiteElo "2190"]
[BlackElo "1913"]
[PlyCount "99"]

1. Nf3 c5 2. g3 g6 3. Bg2 Bg7 4. c4 Nf6 5. O-O O-O 6. Nc3 Nc6
7. d4 cxd4 8. Nxd4 a6 9. c5 Qa5 10. Nb3 Qc7 11. Bf4 e5 12. Bg5
Ne7 13. Qd2 Rb8 14. Rac1 b5 15. Rfd1 b4 16. Na4 Nc6 17. Nb6 a5
18. Bxf6 Bxf6 19. Nxd7 Bxd7 20. Qxd7 Qxd7 21. Rxd7 a4 22. Bxc6
axb3 23. axb3 e4 24. Bxe4 Bxb2 25. Rc2 Be5 26. Bd5 Rbc8 27. c6
Rc7 28. Rxc7 Bxc7 29. Ra2 Rd8 30. e4 Kg7 31. Ra7 Rc8 32. Rb7
Kf6 33. Rxb4 Bd6 34. Rb7 Rc7 35. Rxc7 Bxc7 36. f4 Ke7 37. Kf2
Bb6+ 38. Kf3 f6 39. h4 h6 40. Kg4 Bc7 41. h5 g5 42. Kf5 Bb8
43. e5 fxe5 44. fxg5 hxg5 45. h6 Kf8 46. Kg6 e4 47. h7 Be5
48. Bxe4 Ke7 49. Kxg5 Kf7 50. Kf5 1-0

[Event "FIDE Online Olympiad"]
[Site "Chess.com"]
[Date "2020.08.01"]
[EventDate "2020.07.31"]
[Round "5"]
[Result "1-0"]
[White "Prin Laohawirapap"]
[Black "Niken Kusatha"]
[WhiteElo "1834"]
[BlackElo "1732"]
[PlyCount "51"]

1. f4 d5 2. Nf3 Nf6 3. e3 e6 4. d4 Nbd7 5. Bd3 c5 6. c3 Qc7
7. O-O Ne4 8. Bxe4 dxe4 9. Ng5 Nf6 10. Nd2 cxd4 11. exd4 e3
12. Ndf3 Qxf4 13. Qe2 Be7 14. Nxf7 Rf8 15. N7e5 Ng4 16. Qb5+
Kd8 17. Nxg4 Qxg4 18. Bxe3 Qe4 19. Bg5 Bd7 20. Qc5 Re8 21. Ne5
Bc6 22. Bxe7+ Rxe7 23. Rf8+ Re8 24. Qd6+ Kc8 25. Nxc6 Rxf8
26. Ne7# 1-0

[Event "FIDE Online Olympiad"]
[Site "Chess.com"]
[Date "2020.08.01"]
[EventDate "2020.07.31"]
[Round "5"]
[Result "1-0"]
[White "Raymond Song"]
[Black "Ayyad Husain Abdulgalil Saleh"]
[WhiteElo "2254"]
[BlackElo "2249"]
[PlyCount "61"]

1. d4 Nf6 2. c4 e6 3. g3 Bb4+ 4. Bd2 a5 5. Nf3 O-O 6. Bg2 d5
7. Qc2 b6 8. O-O Bb7 9. cxd5 exd5 10. Rc1 Ba6 11. Bf4 Bd6
12. Bxd6 cxd6 13. Nc3 Nc6 14. a3 Rc8 15. e3 h6 16. Qb3 Bc4
17. Qd1 Ba6 18. Ne1 Ne7 19. Nd3 g5 20. b4 Qd7 21. Rab1 Kg7
22. bxa5 bxa5 23. Rb6 Bc4 24. Nb2 Rc6 25. Rxc6 Nxc6 26. e4 Rb8
27. exd5 Rxb2 28. dxc6 Qf5 29. Qf3 Qc8 30. Ne4 Ne8 31. Qc3 1-0

[Event "FIDE Online Olympiad"]
[Site "Chess.com"]
[Date "2020.08.01"]
[EventDate "2020.07.31"]
[Round "5"]
[Result "1-0"]
[White "Ting-Hao Wang"]
[Black "Salman Al Mahmood"]
[WhiteElo "1788"]
[BlackElo "1588"]
[PlyCount "95"]

1. e4 d6 2. c4 g6 3. Nc3 Bg7 4. g3 Nd7 5. Bg2 e5 6. Nge2 Ngf6
7. d3 O-O 8. O-O c6 9. f4 Ng4 10. h3 Qb6+ 11. d4 Nh6 12. Na4
Qc7 13. fxe5 dxe5 14. d5 b6 15. Nac3 Ba6 16. b3 b5 17. dxc6
Qxc6 18. Nd5 Rfe8 19. cxb5 Bxb5 20. Rf2 Bxe2 21. Qxe2 Nb6
22. Bxh6 Bxh6 23. Nf6+ Kg7 24. Nxe8+ Rxe8 25. Raf1 Rf8 26. Kh2
Nd7 27. Qc2 Qe6 28. Qc4 Qxc4 29. bxc4 Nc5 30. Rd1 Be3 31. Rf3
Bd4 32. Ra3 Ne6 33. Ra5 Rc8 34. Bf1 Ng5 35. Bd3 Rb8 36. Rb5
Rc8 37. Kg2 Ne6 38. Rdb1 Nc5 39. Bc2 Rd8 40. Rb8 Rd7 41. h4 h5
42. a4 Bc3 43. Rd1 Bd4 44. a5 Rd6 45. Rb5 Rf6 46. Rd2 Kh7
47. Rxd4 exd4 48. Rxc5 1-0

[Event "FIDE Online Olympiad"]
[Site "Chess.com"]
[Date "2020.08.01"]
[EventDate "2020.07.31"]
[Round "5"]
[Result "1-0"]
[White "Wing Ki Kwong"]
[Black "Aaditya Kailas Bhattbhatt"]
[WhiteElo "1679"]
[BlackElo "1460"]
[PlyCount "53"]

1. d4 Nf6 2. c4 e6 3. Nf3 d5 4. Nc3 Bb4 5. Qc2 c5 6. e3 Qa5
7. Bd2 Nc6 8. a3 cxd4 9. exd4 O-O 10. Rc1 Bxc3 11. Bxc3 Qc7
12. b3 Qe7 13. Bb2 Bd7 14. Bd3 Rac8 15. O-O Na5 16. Qd1 Qd8
17. c5 b6 18. b4 Nc6 19. b5 Na5 20. c6 Be8 21. Bc3 a6 22. a4
axb5 23. axb5 Bxc6 24. bxc6 Rxc6 25. Bb5 Rc8 26. Bb4 Re8
27. Bxe8 1-0